[Event "Commonwealth-ch"]
[Site "Glasgow"]
[Date "2014.07.08"]
[Round "9"]
[White "Thomson, George"]
[Black "Voges, Rachelle Mari"]
[Result "1/2-1/2"]
[WhiteElo "1518"]
[BlackElo "1601"]
[PlyCount "64"]
[EventDate "2014.06.30"]
[EventType "swiss"]
[EventRounds "9"]
[EventCountry "SCO"]
[SourceTitle "CBM 161 Extra"]
[Source "ChessBase"]
[SourceDate "2014.08.29"]
[SourceVersion "1"]
[SourceVersionDate "2014.08.29"]
[SourceQuality "1"]

1. f4 e6 2. Nf3 d5 3. e3 Nf6 4. b3 Be7 5. Bb2 0-0 6. Be2 c5 7. 0-0 Nc6 8. d3 d4 9. exd4 cxd4 10. a3 Nd5 11. Bc1 Bf6 12. Ra2 Nce7 13. Bd2 Nf5 14. Qc1 Nfe3 15. Re1 Qb6 16. g3 Bd7 17. Bd1 Bc6 18. h3 Nxd1 19. Qxd1 Nc3 20. Nxc3 dxc3+ 21. Be3 Bxf3 22. Qxf3 Bd4 23. Bxd4 Qxd4+ 24. Kh2 b5 25. Re4 Qd5 26. Qe2 a5 27. a4 b4 28. Ra1 Rfd8 29. Re1 Qc6 30. Re5 Rd5 31. f5 Rxe5 32. Qxe5 exf5 1/2-1/2

[Event "Commonwealth-ch"]
[Site "Glasgow"]
[Date "2014.07.04"]
[Round "5"]
[White "Fraser, Roland A"]
[Black "Thomson, George"]
[Result "1/2-1/2"]
[WhiteElo "1344"]
[BlackElo "1518"]
[PlyCount "65"]
[EventDate "2014.06.30"]
[EventType "swiss"]
[EventRounds "9"]
[EventCountry "SCO"]
[SourceTitle "CBM 161 Extra"]
[Source "ChessBase"]
[SourceDate "2014.08.29"]
[SourceVersion "1"]
[SourceVersionDate "2014.08.29"]
[SourceQuality "1"]

1. e4 c6 2. d4 d5 3. Nc3 dxe4 4. Nxe4 Nd7 5. Bc4 Ngf6 6. Ng3 e6 7. N1e2 Nb6 8. Bd3 Be7 9. 0-0 Nbd5 10. Bd2 Nb4 11. Bxb4 Bxb4 12. c3 Bd6 13. Ne4 Nxe4 14. Bxe4 Bxh2+ 15. Kh1 Qh4 16. g3 Bxg3+ 17. Kg2 Qxe4+ 18. Kxg3 Qg6+ 19. Kf3 h5 20. Ke3 Bd7 21. Rg1 Qh6+ 22. Kd3 0-0-0 23. Qa4 Kb8 24. Kc2 Qf6 25. f4 h4 26. b4 g6 27. Rg5 Rh5 28. Rxh5 gxh5 29. Qa5 Qf5+ 30. Qxf5 exf5 31. Rh1 Re8 32. Kd2 Be6 33. Rxh4 1/2-1/2

[Event "Commonwealth-ch"]
[Site "Glasgow"]
[Date "2014.06.30"]
[Round "1"]
[White "Vaishali, Ramesh Babu"]
[Black "Thomson, George"]
[Result "1-0"]
[WhiteElo "2048"]
[BlackElo "1518"]
[PlyCount "51"]
[EventDate "2014.06.30"]
[EventType "swiss"]
[EventRounds "9"]
[EventCountry "SCO"]
[SourceTitle "CBM 161 Extra"]
[Source "ChessBase"]
[SourceDate "2014.08.29"]
[SourceVersion "1"]
[SourceVersionDate "2014.08.29"]
[SourceQuality "1"]

1. e4 c6 2. d4 d5 3. e5 Bf5 4. Bd3 Bxd3 5. Qxd3 e6 6. Ne2 Qb6 7. 0-0 Qa6 8. Qf3 c5 9. dxc5 Bxc5 10. Re1 Nc6 11. Qg3 Bf8 12. c3 Nge7 13. Nd2 Nf5 14. Qh3 g6 15. Nf3 Bg7 16. Ng3 Nce7 17. Bg5 Nxg3 18. hxg3 Ng8 19. Nd4 Kd7 20. Qh4 Re8 21. Qf4 Rf8 22. Bf6 Bxf6 23. exf6 Re8 24. Nf3 Kc8 25. c4 dxc4 26. Ne5 1-0

[Event "East Kilbride Weekly op 4th"]
[Site "East Kilbride"]
[Date "2011.05.26"]
[Round "4"]
[White "Jenkins, Ciaran"]
[Black "Thomson, George"]
[Result "0-1"]
[WhiteElo "943"]
[BlackElo "1548"]
[PlyCount "102"]
[EventDate "2011.05.??"]
[EventType "swiss"]
[EventRounds "5"]
[EventCountry "SCO"]
[SourceTitle "EXT 2023"]
[Source "ChessBase"]
[SourceDate "2022.10.05"]
[SourceVersion "1"]
[SourceVersionDate "2022.10.05"]
[SourceQuality "1"]

1. c4 c6 2. Nf3 Nf6 3. g3 g6 4. Bg2 Bg7 5. 0-0 0-0 6. Nc3 Na6 7. d3 d6 8. a3 Nc7 9. Qc2 Bd7 10. Bd2 Qc8 11. Rac1 Bh3 12. Rfd1 Bxg2 13. Kxg2 Re8 14. b4 a6 15. Qb3 Qd7 16. Bf4 Ne6 17. Bd2 Rac8 18. e3 Ng4 19. Ne2 Ne5 20. Nxe5 Bxe5 21. Bc3 Bxc3 22. Qxc3 Ng5 23. Ng1 h5 24. h4 Ne6 25. f4 Ng7 26. e4 Qg4 27. Qd2 Ne6 28. Qf2 c5 29. Qf3 Qxf3+ 30. Nxf3 Kg7 31. Kf2 Nd4 32. Nxd4 cxd4 33. Kf3 e5 34. Re1 Rc7 35. a4 Rec8 36. b5 a5 37. Rc2 b6 38. Rec1 Rf8 39. Rf1 f6 40. Ke2 Rcf7 41. Rcc1 exf4 42. Rxf4 f5 43. Rcf1 fxe4 44. Rxf7+ Rxf7 45. Rxf7+ Kxf7 46. dxe4 Ke6 47. Kf3 Ke5 48. Ke2 Kxe4 49. Kd2 d3 50. Kd1 Kd4 51. Kd2 Kxc4 0-1